Get the Picture: Obama vs. Trump Quiz Stats

 Plays Quiz Updated May 30, 2019

Score 0/20 Timer 05:00
5 Plays Today
Question Answer Wrong Answers
Wife: Michelle Barack Obama
96.9%
Donald Trump
0.6%
Birth Place: Honolulu, Hawaii Barack Obama
96.5%
Donald Trump
1%
Campaign Slogan: 'Make America great again' Donald Trump
96.3%
Barack Obama
1.1%
Year of Inauguration: 2009 Barack Obama
96.1%
Donald Trump
1.5%
Notable Award Received: Nobel Peace Prize Barack Obama
96.1%
Donald Trump
1.6%
Political Party: Democrat Barack Obama
96%
Donald Trump
1.7%
Year of Inauguration: 2017 Donald Trump
96%
Barack Obama
1.5%
Birth Place: New York, New York Donald Trump
95.6%
Barack Obama
1.9%
Wife: Melania Donald Trump
95.3%
Barack Obama
2.1%
Political Party: Republican Donald Trump
95.3%
Barack Obama
2.1%
Number of Children: 5 Donald Trump
94.9%
Barack Obama
2.5%
Campaign Slogan: 'Change we can believe in' Barack Obama
94.6%
Donald Trump
3.1%
Number of Children: 2 Barack Obama
94.5%
Donald Trump
3.1%
VP: Mike Pence Donald Trump
94%
Barack Obama
3.6%
VP: Joe Biden Barack Obama
93.6%
Donald Trump
3.9%
POTUS Number: 44 Barack Obama
89.9%
Donald Trump
7.6%
Education: Harvard Barack Obama
89.9%
Donald Trump
7.5%
Notable Award Received: Hollywood Walk of Fame Donald Trump
86.5%
Barack Obama
11.1%
POTUS Number: 45 Donald Trump
86%
Barack Obama
11.4%
Education: University of Pennsylvania Donald Trump
82.5%
Barack Obama
15.1%

Today's Daily Dose

You're not logged in!

Compare scores with friends on all Sporcle quizzes.
OR
Log In

Sporcle TV

Today on Sporcle TV


Watch our educational content, quiz creation guides, and fun videos on Sporcle TV.

Show Comments

Extras

Top Quizzes Today


Score Distribution

Your Account Isn't Verified!

In order to create a playlist on Sporcle, you need to verify the email address you used during registration. Go to your Sporcle Settings to finish the process.

Report this User

Report this user for behavior that violates our Community Guidelines.

Details: